000
00284nam a22001217a 4500
008
170214b xxu||||| |||| 00| 0 eng d
041
_a
eng
080
_2
2ND
_a
61
100
_a
4
101
_a
SHM
245
_a
CATALOG OF PRENATALYY DIAGNOSED CONDITIONS
_c
WEAVER, D.D
942
_2
udc
_c
BK
999
_c
5403
_d
5403